[Event "Irish Championship 2022"]
[Site "Dublin IRL"]
[Date "2022.07.02"]
[Round "1.1"]
[White "O'Gorman, Tom"]
[Black "Kennedy, John P. A."]
[Result "1-0"]
[WhiteTitle "FM"]
[WhiteElo "2401"]
[BlackElo "2047"]
[WhiteICU "2367"]
[BlackICU "1985"]
[BlackClub "Dublin"]
[WhiteNationality "IRL"]
[BlackNationality "IRL"]
[WhiteFideId "2508249"]
[BlackFideId "2501120"]
[PlyCount "57"]
[Venue "Talbot Hotel, Stillorgan"]
[EventDate "2022.07.02"]

{ Event information: <a href="../pairings_irlch2022.html">Tournament
report</a>. }

1. d4 d5 2. c4 e6 3. Nc3 c5 4. cxd5 exd5 5. Nf3 Nc6 6. g3 Nf6 7. Bg2 Be7 8.
O-O O-O 9. dxc5 Bxc5 10. Na4 Be7 11. Be3 Be6 12. Rc1 Qd7 13. Nc5 Bxc5 14.
Bxc5 Rfe8 15. Re1 Bh3 16. Bh1 Ne4 17. Bd4 Re6 18. Be3 Rae8 19. Qa4 Rg6 20.
Red1 Qd6 21. Qa3 Nxg3 $2 ({ An optical illusion. } 21... Qxa3 $14) 22. hxg3
Rxg3+ 23. Kh2 $18 Rg2+ 24. Kxh3 Qg6 25. Bxg2 Qh5+ 26. Kg3 Re4 27. Rd4 Qg4+
28. Kh2 Nxd4 29. Nxd4 1-0

[Event "Irish Championship 2022"]
[Site "Dublin IRL"]
[Date "2022.07.02"]
[Round "1.2"]
[White "O'Gorman, Alice"]
[Black "Baburin, Alexander"]
[Result "0-1"]
[BlackTitle "GM"]
[WhiteElo "2043"]
[BlackElo "2400"]
[WhiteICU "2075"]
[BlackICU "2360"]
[WhiteClub "Elm Mount"]
[BlackClub "Kilkenny"]
[WhiteNationality "IRL"]
[BlackNationality "IRL"]
[WhiteFideId "2508214"]
[BlackFideId "2500914"]
[PlyCount "66"]
[Venue "Talbot Hotel, Stillorgan"]
[EventDate "2022.07.02"]

{ Event information: <a href="../pairings_irlch2022.html">Tournament
report</a>. }

1. c4 e6 2. Nc3 d5 3. d4 Nf6 4. cxd5 exd5 5. Bg5 c6 6. e3 Nbd7 7. Bd3 Bd6
8. Nf3 Nf8 9. e4 dxe4 10. Nxe4 Bb4+ 11. Kf1 Be7 12. Qc2 Ne6 13. Bxf6 Bxf6
14. Re1 g6 15. h4 O-O 16. Nxf6+ Qxf6 17. h5 Nf4 18. hxg6 hxg6 19. Be4 Be6
20. Qd2 Rad8 21. g3 Bc4+ 22. Kg1 Ne6 23. b3 Bd5 24. Ne5 Rfe8 25. Ng4 $2 (
25. Bxd5 Rxd5 26. Ng4 $14) 25... Qg7 $2 (25... Qxd4 $1 $17 { ( } 26. Qxd4
$2 Nxd4 27. Nf6+ Kg7 $19 { ) }) 26. Qb4 $2 (26. Bxd5 Rxd5 27. Qb4 $14)
26... c5 $2 (26... Qxd4 $19) 27. dxc5 a5 28. Qa3 $2 (28. Qxa5 $16) 28...
Qc3 (28... Bxe4 $1 $17) 29. Re3 $2 (29. Qc1 $14) 29... Bxe4 $1 $19 30. Rxe4
Qf3 31. Kh2 Rd2 32. Rf1 Kg7 33. Qxa5 Rh8+ 0-1

[Event "Irish Championship 2022"]
[Site "Dublin IRL"]
[Date "2022.07.02"]
[Round "1.3"]
[White "Kanyamarala, Tarun"]
[Black "Mats, Diana"]
[Result "1-0"]
[WhiteTitle "FM"]
[WhiteElo "2379"]
[BlackElo "2028"]
[WhiteICU "2356"]
[WhiteClub "Balbriggan"]
[WhiteNationality "IRL"]
[BlackNationality "UKR"]
[WhiteFideId "45004714"]
[BlackFideId "14138611"]
[PlyCount "129"]
[Venue "Talbot Hotel, Stillorgan"]
[EventDate "2022.07.02"]

{ Event information: <a href="../pairings_irlch2022.html">Tournament
report</a>. }

1. d4 Nf6 2. c4 e6 3. Nc3 d5 4. Nf3 c6 5. Bg5 h6 6. Bh4 Be7 7. e3 Nbd7 8.
Bd3 dxc4 9. Bxc4 b5 10. Bd3 a6 11. Bxf6 Nxf6 12. Ne4 Bb4+ 13. Ke2 Nd5 14.
Qc2 Bd7 15. a3 Be7 16. Nc5 Bxc5 17. Qxc5 Qe7 18. Rac1 Qxc5 19. Rxc5 f6 20.
Nd2 Ke7 21. Nb3 e5 22. dxe5 fxe5 23. Na5 Kd6 24. Rhc1 Rac8 25. Be4 Rhf8 26.
b4 Ne7 27. Rd1+ Ke6 28. Nb7 Rc7 29. Rd6+ Kf7 30. Na5 Nc8 31. Rd3 Re8 32.
Nxc6 Bxc6 33. Bxc6 Ree7 34. Rdc3 Kf6 35. Bxb5 Rxc5 36. Rxc5 axb5 37. Rxc8
Ra7 38. Rc6+ Kf5 39. Rc3 g5 40. f3 h5 41. e4+ Ke6 42. Ke3 h4 43. g3 h3 44.
f4 g4 45. f5+ Kf7 46. Kd2 Ra6 47. Kc2 Kf6 48. Rd3 Rc6+ 49. Kb3 Rc1 50. Re3
Rg1 51. Re2 Rg2 52. Rb2 Rg1 53. a4 bxa4+ 54. Kxa4 Ra1+ 55. Kb5 Re1 56. Kc6
Rxe4 57. b5 Rc4+ 58. Kd7 Rd4+ 59. Ke8 e4 60. b6 e3 61. b7 Re4+ 62. Kf8 e2
63. Rxe2 Rb4 64. Re7 Kxf5 65. Ke8 1-0

[Event "Irish Championship 2022"]
[Site "Dublin IRL"]
[Date "2022.07.02"]
[Round "1.4"]
[White "Melaugh, Gavin"]
[Black "Li, Henry"]
[Result "1/2-1/2"]
[BlackTitle "FM"]
[WhiteElo "2020"]
[BlackElo "2319"]
[WhiteICU "1994"]
[BlackICU "2304"]
[WhiteClub "Elm Mount"]
[BlackClub "Gonzaga"]
[WhiteNationality "IRL"]
[BlackNationality "IRL"]
[WhiteFideId "2509571"]
[BlackFideId "2508524"]
[PlyCount "51"]
[Venue "Talbot Hotel, Stillorgan"]
[EventDate "2022.07.02"]

{ Event information: <a href="../pairings_irlch2022.html">Tournament
report</a>. }

1. e4 e5 2. Nf3 Nc6 3. d4 exd4 4. Bc4 Nf6 5. Ng5 d5 6. exd5 Qe7+ 7. Kf1 Ne5
8. Qxd4 Bf5 9. Bf4 Nxc4 10. Qxc4 Qc5 11. Qxc5 Bxc5 12. Nc3 O-O 13. Bxc7 h6
14. Nf3 Bxc2 15. Ne1 Bf5 16. Rd1 Ne8 17. Bg3 Rd8 18. Nd3 Bb6 19. f3 Nf6 20.
d6 Rfe8 21. Nf4 Kf8 22. Bf2 g5 23. Bxb6 axb6 24. Nfd5 Rxd6 25. Nxf6 Rxf6
26. Kf2 1/2-1/2

[Event "Irish Championship 2022"]
[Site "Dublin IRL"]
[Date "2022.07.02"]
[Round "1.5"]
[White "Ryan, Joe"]
[Black "Fox, Anthony"]
[Result "1-0"]
[WhiteTitle "FM"]
[WhiteElo "2270"]
[BlackElo "1945"]
[WhiteICU "2288"]
[BlackICU "1928"]
[WhiteClub "Valls ESP"]
[BlackClub "Dun Laoghaire"]
[WhiteNationality "IRL"]
[BlackNationality "IRL"]
[WhiteFideId "2500426"]
[BlackFideId "2500736"]
[PlyCount "113"]
[Venue "Talbot Hotel, Stillorgan"]
[EventDate "2022.07.02"]

{ Event information: <a href="../pairings_irlch2022.html">Tournament
report</a>. }

1. e4 e5 2. Nf3 Nc6 3. Bb5 a6 4. Ba4 Nf6 5. O-O Be7 6. d3 b5 7. Bb3 d6 8.
a3 O-O 9. Nc3 Na5 10. Ba2 c5 11. b4 cxb4 12. axb4 Nc6 13. Nd5 Nxd5 14. Bxd5
Qc7 15. h3 Bb7 16. Bd2 Nd8 17. c4 Ne6 18. Qb3 Bxd5 19. cxd5 Nf4 20. Bxf4
exf4 21. Rfc1 Qd7 22. Rc6 Rfc8 23. Rac1 h6 24. Nd4 Rxc6 25. dxc6 Qc7 26.
Qd5 g6 27. f3 Rb8 28. Ne2 Bg5 29. d4 Kg7 30. Qa2 Rb6 31. d5 Bf6 32. Qd2 Rb8
33. Kh1 g5 34. Nd4 Bxd4 35. Qxd4+ f6 36. Ra1 Ra8 37. Ra5 Qa7 38. Qxa7+ Rxa7
39. g3 fxg3 40. Kg2 h5 41. Kxg3 Kg6 42. f4 Kh6 43. Kf3 gxf4 44. Kxf4 Kg6
45. Ra2 Ra8 46. Ra3 Ra7 47. Ra1 Ra8 48. Rc1 Rc8 49. c7 Kf7 50. Kf5 Ke7 51.
Kg6 h4 52. Kg7 Kd7 53. Kxf6 Rxc7 54. Rxc7+ Kxc7 55. Ke7 a5 56. e5 dxe5 57.
d6+ 1-0

[Event "Irish Championship 2022"]
[Site "Dublin IRL"]
[Date "2022.07.02"]
[Round "1.6"]
[White "Cafolla, Peter"]
[Black "O'Donnell, Conor"]
[Result "0-1"]
[BlackTitle "FM"]
[WhiteElo "1937"]
[BlackElo "2269"]
[WhiteICU "1893"]
[BlackICU "2276"]
[WhiteClub "Rathmines"]
[BlackClub "Gonzaga"]
[WhiteNationality "IRL"]
[BlackNationality "IRL"]
[WhiteFideId "2500884"]
[BlackFideId "2504243"]
[PlyCount "61"]
[Venue "Talbot Hotel, Stillorgan"]
[EventDate "2022.07.02"]

{ Event information: <a href="../pairings_irlch2022.html">Tournament
report</a>. }

1. e4 e6 2. d4 d5 3. e5 c5 4. c3 Nc6 5. Nf3 Bd7 6. a3 f6 7. b4 fxe5 8. dxc5
Qc7 9. Nbd2 Nf6 10. Be2 g6 11. Bb2 Bg7 12. c4 e4 13. cxd5 exd5 14. Nd4 O-O
15. N2b3 Ne5 16. h3 e3 17. Nf3 exf2+ 18. Kf1 Nxf3 19. Bxf3 Rae8 20. Qd3 Bf5
21. Qd2 Qg3 22. Nd4 Re1+ 23. Rxe1 fxe1=Q+ 24. Qxe1 Bd3+ 25. Ne2 Ne4 26.
Bxg7 Kxg7 27. Qa1+ Kg8 28. Qe1 g5 29. a4 h5 30. Qxg3 Nxg3+ 31. Kg1 0-1

[Event "Irish Championship 2022"]
[Site "Dublin IRL"]
[Date "2022.07.02"]
[Round "1.7"]
[White "Flynn, Jacob"]
[Black "O'Cuilleanain, Oisin"]
[Result "1/2-1/2"]
[WhiteTitle "CM"]
[WhiteElo "2199"]
[BlackElo "1936"]
[WhiteICU "2189"]
[BlackICU "1959"]
[WhiteClub "Malahide"]
[BlackClub "Ballyroan"]
[WhiteNationality "IRL"]
[BlackNationality "IRL"]
[WhiteFideId "2509393"]
[BlackFideId "2514249"]
[PlyCount "94"]
[Venue "Talbot Hotel, Stillorgan"]
[EventDate "2022.07.02"]
[BlackFullName "O'Cuilleanain, Ois&iacute;n"]

{ Event information: <a href="../pairings_irlch2022.html">Tournament
report</a>. }

1. Nf3 Nf6 2. g3 b5 3. e3 a6 4. a4 b4 5. Bg2 Bb7 6. O-O e6 7. d3 Be7 8. e4
d6 9. Nbd2 O-O 10. Nc4 c5 11. a5 Nc6 12. e5 Ne8 13. exd6 Nxd6 14. Nfe5 Nxe5
15. Nxe5 Bxg2 16. Kxg2 Nf5 17. Nc4 Qd5+ 18. f3 Rad8 19. b3 Bf6 20. Ra4 h5
21. Ne3 Nxe3+ 22. Bxe3 Rb8 23. Qe2 Rfc8 24. Bf4 Rb5 25. Qe4 g6 26. Re1 Qd8
27. h4 Rxa5 28. Rxa5 Qxa5 29. Qb7 Re8 30. Qc6 Qb5 31. Qxb5 axb5 32. Be5
Bxe5 33. Rxe5 Rc8 34. Re1 c4 35. Re4 cxd3 36. cxd3 Rc2+ 37. Kh3 Rd2 38. Rd4
e5 39. Rxb4 Rxd3 40. Rxb5 f6 41. Kg2 Rd2+ 42. Kf1 Kg7 43. Rb7+ Kh6 44. Rb6
f5 45. Rb5 e4 46. fxe4 fxe4 47. Rb4 Rd3 1/2-1/2

[Event "Irish Championship 2022"]
[Site "Dublin IRL"]
[Date "2022.07.02"]
[Round "1.8"]
[White "Keogh, Eamon"]
[Black "Daly, Colm"]
[Result "0-1"]
[WhiteTitle "NM"]
[BlackTitle "FM"]
[WhiteElo "1931"]
[BlackElo "2190"]
[WhiteICU "1839"]
[BlackICU "2189"]
[WhiteClub "Kilkenny"]
[BlackClub "Bray/Greystones"]
[WhiteNationality "IRL"]
[BlackNationality "IRL"]
[WhiteFideId "2500264"]
[BlackFideId "2500434"]
[PlyCount "66"]
[Venue "Talbot Hotel, Stillorgan"]
[EventDate "2022.07.02"]

{ Event information: <a href="../pairings_irlch2022.html">Tournament
report</a>. }

1. e4 d6 2. d4 g6 3. Nf3 Bg7 4. Bc4 Nf6 5. Qe2 O-O 6. O-O Bg4 7. h3 Bxf3 8.
Qxf3 Nc6 9. c3 e5 10. d5 Nb8 11. Na3 Kh8 12. Nc2 Nbd7 13. Bg5 h6 14. Bh4
Qe8 15. g4 Nh7 16. Ne3 Bf6 17. Bg3 Qe7 18. Bd3 Bh4 19. Rae1 Kg7 20. Qg2 Bg5
21. Qh2 Bh4 22. Ng2 Bxg3 23. Qxg3 Rh8 24. Bb5 Ndf6 25. Bd3 a6 26. Kh2 h5
27. f4 hxg4 28. h4 Nh5 29. Qxg4 N7f6 30. Qg5 Nxf4 31. Rxf4 exf4 32. e5 dxe5
33. Rxe5 Ng4+ 0-1

[Event "Irish Championship 2022"]
[Site "Dublin IRL"]
[Date "2022.07.02"]
[Round "1.9"]
[White "Carroll, Peter"]
[Black "Goss, Alex"]
[Result "1/2-1/2"]
[WhiteTitle "CM"]
[WhiteElo "2116"]
[BlackElo "1859"]
[WhiteICU "2139"]
[BlackICU "1782"]
[WhiteClub "Gonzaga"]
[BlackClub "U.C.D."]
[WhiteNationality "IRL"]
[BlackNationality "IRL"]
[WhiteFideId "2510243"]
[BlackFideId "2509407"]
[PlyCount "93"]
[Venue "Talbot Hotel, Stillorgan"]
[EventDate "2022.07.02"]

{ Event information: <a href="../pairings_irlch2022.html">Tournament
report</a>. }

1. d4 d5 2. Nc3 Nf6 3. Bf4 c5 4. e4 e6 5. dxc5 Bxc5 6. exd5 Nxd5 7. Nxd5
exd5 8. Qe2+ Qe7 9. Qxe7+ Kxe7 10. Nf3 Nc6 11. Rd1 Rd8 12. Bd3 h6 13. O-O
Bg4 14. Rde1+ Kf8 15. Ne5 Nxe5 16. Bxe5 Bd6 17. Bd4 b6 18. f3 Be6 19. f4
Bc5 20. Bxc5+ bxc5 21. f5 Bd7 22. f6 Re8 23. fxg7+ Kxg7 24. Kf2 Rxe1 25.
Rxe1 Re8 26. Be2 Bf5 27. c3 a5 28. Rd1 Be6 29. Bf3 Rd8 30. Rd2 Kf6 31. b3
Kg5 32. Rd3 f5 33. Re3 Rd6 34. g3 Kf6 35. Rd3 Ke5 36. Re3+ Kf6 37. Re1 Rb6
38. Ke3 Ke5 39. Kd3+ Kf6 40. Kc2 Rb8 41. Bd1 Rb6 42. Rf1 Ke5 43. Rf4 d4 44.
cxd4+ cxd4 45. Kd3 Rd6 46. Bf3 a4 47. Bd1 1/2-1/2

[Event "Irish Championship 2022"]
[Site "Dublin IRL"]
[Date "2022.07.02"]
[Round "1.10"]
[White "Ivanov, Andrey"]
[Black "Doyle, Tony"]
[Result "1-0"]
[BlackTitle "NM"]
[WhiteElo "1844"]
[BlackElo "2116"]
[WhiteICU "1805"]
[BlackICU "1906"]
[WhiteClub "Malahide"]
[WhiteNationality "IRL"]
[BlackNationality "IRL"]
[WhiteFideId "2514311"]
[BlackFideId "2500329"]
[PlyCount "79"]
[Venue "Talbot Hotel, Stillorgan"]
[EventDate "2022.07.02"]

{ Event information: <a href="../pairings_irlch2022.html">Tournament
report</a>. }

1. e4 e5 2. Nf3 Nc6 3. Bc4 Nf6 4. Ng5 d5 5. exd5 Na5 6. Bb5+ c6 7. dxc6
bxc6 8. Be2 h6 9. Nh3 Bc5 10. O-O O-O 11. d3 Nb7 12. Kh1 Qe7 13. Nc3 Nd5
14. Nxd5 cxd5 15. f4 Bxh3 16. gxh3 e4 17. f5 f6 18. d4 Bb6 19. Rg1 Kh7 20.
Bh5 Nd6 21. Bg6+ Kh8 22. c3 Nf7 23. h4 Bc7 24. Be3 Rab8 25. Rb1 Nd6 26. Qh5
Nf7 27. Rg2 Bd6 28. Rbg1 a5 29. Bh7 Rg8 30. Bxg8 Rxg8 31. Rg6 Kh7 32. Qg4
Qf8 33. Rg2 Bc7 34. Qh5 Qe7 35. Bg5 fxg5 36. hxg5 Nxg5 37. R6xg5 Bd8 38.
Qg6+ Kh8 39. Rh5 Qf6 40. Rxh6+ 1-0

[Event "Irish Championship 2022"]
[Site "Dublin IRL"]
[Date "2022.07.02"]
[Round "1.11"]
[White "Venkatesan, Kavin"]
[Black "Keenan, Cathal"]
[Result "1-0"]
[WhiteElo "2076"]
[BlackElo "1811"]
[WhiteICU "2038"]
[BlackICU "1883"]
[WhiteClub "St. Benildus"]
[WhiteNationality "IRL"]
[BlackNationality "IRL"]
[WhiteFideId "2512602"]
[BlackFideId "2516853"]
[PlyCount "97"]
[Venue "Talbot Hotel, Stillorgan"]
[EventDate "2022.07.02"]

{ Event information: <a href="../pairings_irlch2022.html">Tournament
report</a>. }

1. c4 Nf6 2. Nc3 e6 3. e4 d5 4. e5 d4 5. exf6 dxc3 6. bxc3 Qxf6 7. d4 Nc6
8. Nf3 h6 9. Bd3 Bd6 10. Qe2 g5 11. Bb2 b6 12. c5 bxc5 13. Bb5 Bd7 14. dxc5
Bxc5 15. O-O O-O 16. Rad1 Be8 17. Qe4 e5 18. c4 a6 19. Ba4 Rb8 20. Bc2 Qg6
21. Bxe5 Qxe4 22. Bxe4 Nxe5 23. Nxe5 Rb2 24. Nd3 Bd4 25. Nxb2 Bxb2 26. Rd8
a5 27. Rb1 Ba3 28. Rbb8 Bd7 29. Rxf8+ Bxf8 30. Rd8 Be6 31. Bd5 Bxd5 32.
cxd5 Kg7 33. Ra8 Bb4 34. Ra7 Kf6 35. Rxc7 Ke5 36. Rxf7 Kxd5 37. Kf1 Kc4 38.
Rc7+ Kb5 39. g4 Bd6 40. Rh7 Bxh2 41. Rxh6 Bf4 42. Ke2 Kb4 43. Rh3 a4 44.
Rd3 Kc4 45. Rf3 Bd6 46. Kd2 Be7 47. Kc2 Kd4 48. Rf7 Bc5 49. Rg7 1-0

[Event "Irish Championship 2022"]
[Site "Dublin IRL"]
[Date "2022.07.02"]
[Round "1.12"]
[White "Liu, Jason"]
[Black "O'Connell, Gerard"]
[Result "0-1"]
[WhiteElo "1746"]
[BlackElo "2052"]
[WhiteICU "1672"]
[BlackICU "2003"]
[WhiteClub "Blanchardstown"]
[BlackClub "St. Benildus"]
[WhiteNationality "IRL"]
[BlackNationality "IRL"]
[WhiteFideId "2514656"]
[BlackFideId "2500493"]
[PlyCount "38"]
[Venue "Talbot Hotel, Stillorgan"]
[EventDate "2022.07.02"]

{ Event information: <a href="../pairings_irlch2022.html">Tournament
report</a>. }

1. e4 c5 2. Nf3 d6 3. d4 cxd4 4. Nxd4 Nf6 5. Nc3 g6 6. Be3 Bg7 7. f3 Nc6 8.
Qd2 O-O 9. O-O-O d5 10. Nxc6 bxc6 11. exd5 Nxd5 12. Bd4 e5 13. Bc5 Be6 14.
Ne4 Qc7 15. c4 Rfd8 16. Qf2 Qa5 17. a3 Nb6 18. Rxd8+ Rxd8 19. Qc2 $4 (19.
b3 $15) 19... Qe1+ 0-1

[Event "Irish Championship 2022"]
[Site "Dublin IRL"]
[Date "2022.07.03"]
[Round "2.1"]
[White "O'Donnell, Conor"]
[Black "O'Gorman, Tom"]
[Result "1/2-1/2"]
[WhiteTitle "FM"]
[BlackTitle "FM"]
[WhiteElo "2269"]
[BlackElo "2401"]
[WhiteICU "2276"]
[BlackICU "2367"]
[WhiteClub "Gonzaga"]
[WhiteNationality "IRL"]
[BlackNationality "IRL"]
[WhiteFideId "2504243"]
[BlackFideId "2508249"]
[PlyCount "153"]
[Venue "Talbot Hotel, Stillorgan"]
[EventDate "2022.07.02"]

{ Event information: <a href="../pairings_irlch2022.html">Tournament
report</a>. }

1. d4 Nf6 2. c4 e6 3. Nc3 Bb4 4. Qc2 O-O 5. e4 d6 6. e5 dxe5 7. dxe5 Ng4 8.
Nf3 Nc6 9. Bf4 Nd4 10. Qd2 Nxf3+ 11. gxf3 Qxd2+ 12. Kxd2 Nh6 13. Bxh6 gxh6
14. a3 Be7 15. Rg1+ Kh8 16. Ne4 Bd7 17. Bd3 Rad8 18. Ke2 Bc6 19. Rad1 b6
20. Bc2 Bxe4 21. Bxe4 Bg5 22. Rxd8 Rxd8 23. Rd1 Rxd1 24. Kxd1 Bf4 25. h3
Bxe5 26. b3 Kg7 27. Ke2 f5 28. Bc6 Kf6 29. a4 Bd6 30. Bd7 a5 31. Kd3 Bc5
32. Ke2 Ke5 33. f4+ Kd4 34. Bxe6 Kc3 35. Bd7 Kxb3 36. Bb5 Kc3 37. Ba6 Kd4
38. f3 Bd6 39. Bc8 Kxc4 40. Bxf5 Bxf4 41. Bd7 Kc5 42. Kd3 c6 43. Kc3 h5 44.
Kb3 b5 45. axb5 cxb5 46. Be8 h4 47. Bd7 a4+ 48. Ka2 Kb4 49. Bf5 h6 50. Bd7
Ka5 51. Bf5 b4 52. Be6 Bd6 53. Kb2 Be7 54. Bf7 Bc5 55. Be6 Bd4+ 56. Ka2 Kb6
57. Bd7 Ka5 58. Be6 Be3 59. Bf7 Ba7 60. Be6 Bb8 61. Bf7 Bd6 62. Kb2 Bf8 63.
Be6 Bg7+ 64. Ka2 Bf6 65. Bf7 Bd8 66. Be6 Bg5 67. Bf7 Bc1 68. Kb1 Be3 69.
Ka2 Bd4 70. Be6 Bc5 71. Kb2 Bb6 72. Ka2 Bc5 73. Kb2 Kb6 74. Bd7 Bd4+ 75.
Ka2 b3+ 76. Ka3 b2 77. Ka2 1/2-1/2

[Event "Irish Championship 2022"]
[Site "Dublin IRL"]
[Date "2022.07.03"]
[Round "2.2"]
[White "Baburin, Alexander"]
[Black "Venkatesan, Kavin"]
[Result "1-0"]
[WhiteTitle "GM"]
[WhiteElo "2400"]
[BlackElo "2076"]
[WhiteICU "2360"]
[BlackICU "2038"]
[WhiteClub "Kilkenny"]
[BlackClub "St. Benildus"]
[WhiteNationality "IRL"]
[BlackNationality "IRL"]
[WhiteFideId "2500914"]
[BlackFideId "2512602"]
[PlyCount "99"]
[Venue "Talbot Hotel, Stillorgan"]
[EventDate "2022.07.02"]

{ Event information: <a href="../pairings_irlch2022.html">Tournament
report</a>. }

1. d4 Nf6 2. c4 e6 3. g3 d5 4. Nf3 dxc4 5. Bg2 a6 6. O-O Nc6 7. e3 Rb8 8.
Nfd2 e5 9. Nxc4 exd4 10. Bxc6+ bxc6 11. Qxd4 Qxd4 12. exd4 Be6 13. Nba3 c5
14. dxc5 Bxc5 15. b3 O-O 16. Be3 Ne4 17. Bxc5 Nxc5 18. Ne5 f6 19. Nc6 Rb6
20. Nd4 Rd8 21. Nxe6 Rxe6 22. Rac1 Re5 23. Rc2 Ne6 24. Rc6 Rd6 25. Rfc1 Nd4
26. Rxd6 cxd6 27. Rc8+ Kf7 28. Nc4 Re1+ 29. Kg2 Re6 30. Rc7+ Kf8 31. Ne3
Re7 32. Rc4 Nb5 33. Rc6 Ra7 34. Nf5 d5 35. a4 Nc7 36. b4 Ne8 37. Rb6 g6 38.
Nd4 Kf7 39. Kf3 Rc7 40. Rxa6 Rc3+ 41. Ke2 Rc4 42. Nc6 Rc2+ 43. Kd3 Rxf2 44.
b5 Nd6 45. Ra7+ Kf8 46. b6 Rb2 47. a5 Rb5 48. Rxh7 Nf7 49. Rxf7+ Kxf7 50.
b7 1-0

[Event "Irish Championship 2022"]
[Site "Dublin IRL"]
[Date "2022.07.03"]
[Round "2.3"]
[White "Daly, Colm"]
[Black "Kanyamarala, Tarun"]
[Result "0-1"]
[WhiteTitle "FM"]
[BlackTitle "FM"]
[WhiteElo "2190"]
[BlackElo "2379"]
[WhiteICU "2189"]
[BlackICU "2356"]
[WhiteClub "Bray/Greystones"]
[BlackClub "Balbriggan"]
[WhiteNationality "IRL"]
[BlackNationality "IRL"]
[WhiteFideId "2500434"]
[BlackFideId "45004714"]
[PlyCount "166"]
[Venue "Talbot Hotel, Stillorgan"]
[EventDate "2022.07.02"]

{ Event information: <a href="../pairings_irlch2022.html">Tournament
report</a>. }

1. Nf3 d5 2. e3 Nf6 3. c4 e6 4. b3 c5 5. Bb2 Nc6 6. cxd5 exd5 7. Bb5 Bd6 8.
d4 cxd4 9. Nxd4 O-O 10. Nd2 Nxd4 11. Bxd4 Qa5 12. Bxf6 $2 (12. Bd3 $10)
12... Qxb5 $1 $17 13. Bd4 Bf5 14. Qe2 Bd3 15. Qg4 g6 16. h4 f5 17. Qg5 f4
18. h5 fxe3 19. fxe3 Rf5 $19 20. Qg4 g5 21. Rc1 Raf8 22. Bc3 Re8 23. Rh3
Bf4 24. Bd4 Qb4 $2 (24... Rf7 $19) 25. Kd1 $15 Bxe3 26. Rxe3 Rxe3 27. Rc8+
Kf7 28. Nf3 Re8 29. Rxe8 $2 (29. Rc7+ $15) 29... Kxe8 $19 30. Qg3 Rf4 31.
Qxg5 Qe7 32. Qxe7+ Kxe7 33. Bxa7 Bf1 34. Bc5+ Ke8 35. Be3 Re4 36. Kd2 Bxg2
37. Ng5 Re7 38. h6 Be4 39. Bd4 Bg6 40. a4 Rc7 41. Bc3 Kd7 42. a5 Rc8 43. b4
Rf8 44. Ke3 Kc6 45. Be5 Rf1 46. Nf3 Rb1 47. Bc3 Kb5 48. Bd2 Rh1 49. Kd4 Rh3
50. Ne5 Be4 51. Be1 Rxh6 52. Nf7 Rg6 53. Ke5 Bd3 54. Nd8 Rg7 55. Ne6 Rg1
56. Bf2 Rg8 57. Be1 Kc6 58. Nd4+ Kd7 59. Bh4 Rg4 60. Bf6 Bc4 61. b5 Rg2 62.
a6 bxa6 63. bxa6 Ra2 64. a7 Rxa7 65. Ne6 Ra8 66. Ng7 Ra2 67. Bg5 Rh2 68.
Bf4 Rh1 69. Nf5 Rh5 70. Kf6 Bd3 71. Ng7 Rh1 72. Ne6 Be4 73. Nd4 Rd1 74. Ke5
Rg1 75. Ne6 Re1 76. Kf6 Kc6 77. Bg3 Rf1+ 78. Ke5 Kb5 79. Kd4 Rd1+ 80. Ke3
Kc4 81. Ke2 Rb1 82. Be5 Rb7 83. Ke3 Re7 0-1

[Event "Irish Championship 2022"]
[Site "Dublin IRL"]
[Date "2022.07.03"]
[Round "2.4"]
[White "O'Connell, Gerard"]
[Black "Ryan, Joe"]
[Result "1/2-1/2"]
[BlackTitle "FM"]
[WhiteElo "2052"]
[BlackElo "2270"]
[WhiteICU "2003"]
[BlackICU "2288"]
[WhiteClub "St. Benildus"]
[BlackClub "Valls ESP"]
[WhiteNationality "IRL"]
[BlackNationality "IRL"]
[WhiteFideId "2500493"]
[BlackFideId "2500426"]
[PlyCount "88"]
[Venue "Talbot Hotel, Stillorgan"]
[EventDate "2022.07.02"]

{ Event information: <a href="../pairings_irlch2022.html">Tournament
report</a>. }

1. d4 Nf6 2. c4 c5 3. d5 b5 4. Nf3 b4 5. Nbd2 g6 6. b3 Bg7 7. Bb2 d6 8. g3
O-O 9. Bg2 a5 10. a4 Ra7 11. O-O e6 12. dxe6 Bxe6 13. e4 Bg4 14. Qc2 Nc6
15. h3 Bc8 16. Rad1 Re8 17. Rfe1 Rae7 18. Kh2 Qc7 19. Ba1 Bb7 20. Re2 Nb8
21. Ne1 Nbd7 22. Nd3 Bc6 23. Rde1 Qb7 24. f3 Qc7 25. Nf1 Nh5 26. Bxg7 Nxg7
27. Ne3 Nb6 28. Nf4 Ne6 29. Nxe6 Rxe6 30. h4 h5 31. Bh3 Re5 32. Nd5 Bxd5
33. exd5 Nd7 34. Bxd7 Rxe2+ 35. Rxe2 Qxd7 36. Re4 Qd8 37. Kg2 Rxe4 38. Qxe4
Qf6 39. Qe3 Qb2+ 40. Kf1 Kg7 41. Ke1 Qb1+ 42. Ke2 Qc2+ 43. Ke1 Qb1+ 44. Ke2
Qc2+ 1/2-1/2